| 000 | 00605nam a2200229 a 4500 | ||
|---|---|---|---|
| 999 |
_c604 _d604 |
||
| 001 | 1740 | ||
| 003 | BD-DhUAP | ||
| 005 | 20200126140212.0 | ||
| 008 | 200125s1993 maua b 001 0 eng | ||
| 010 | _a 92072369 | ||
| 020 | _a0395638348 | ||
| 040 |
_aDLC _cDLC _dBD-DhUAP _bEng |
||
| 082 | 0 | 0 |
_223 _a302 BRE |
| 100 | 1 | _aBrehm, Sharon S. | |
| 245 | 1 | 0 |
_aSocial psychology / _cSharon S. Brehm and Saul M. Kassin. |
| 250 | _a2nd ed. | ||
| 260 |
_aBoston : _bHoughton Mifflin, _cc1993. |
||
| 300 |
_a195 pages ; _c28 cm. |
||
| 650 | 0 | _aSocial psychology. | |
| 700 | 1 | _aKassin, Saul M. | |
| 942 |
_2ddc _cBK |
||